000 00267nam a2200109Ia 4500
008 190216s9999||||xx |||||||||||||| ||und||
100 _aUnnikrishnan Puthoor
245 0 _aAmritha Madanam
260 _bNbs Kottayam
650 _aMalayalam Novel-Malayalam
942 _cBK
999 _c25541
_d25541